| 000 | 00655 a2200193 4500 | ||
|---|---|---|---|
| 020 | _a0201503972 | ||
| 020 | _a9780201503975 | ||
| 082 | 0 | 4 | _a530.143 |
| 090 |
_c747 _d747 |
||
| 100 | 1 | _aPeskin, Michael E. | |
| 245 | 1 | 3 |
_aAn introduction to quantum field theory / _cMichael E. Peskin, Dan V. Schroeder. |
| 260 |
_a[S.l.] : _bWestview Press, _c1995. |
||
| 300 |
_a864 p. ; _c25 cm. |
||
| 490 | 1 | _aFrontiers in physics. | |
| 700 | 1 | _aSchroeder, Dan V. | |
| 830 | 0 | _aFrontiers in physics. | |
| 942 |
_aSNS _cBK _k530.143 PES |
||
| 999 |
_c29374 _d29374 |
||